Statistics for Name the Disney Movie

Click here to take the quiz!

General Stats

  • This quiz has been taken 59 times
  • The average score is 19 of 25

Answer Stats

Year/HintAnswer% Correct
A mermaid princess makes a Faustian bargain in an attempt to become human and win a prince's love(1989)The Little Mermaid
94%
In order to power the city, monsters have to scare children so that they scream. However, the children are toxic to the monsters, and after a child gets through, two monsters realize things may not be what they think(2001)Monsters, Inc.
91%
A lion prince and his father are targeted by his bitter uncle, who wants to ascend the throne himself(1994)The Lion King
91%
A cowboy doll is profoundly threatened and jealous when a new spaceman action figure supplants him as top toy in a boy's bedroom(1995)Toy Story
91%
A prince cursed to spend his days as a hideous monster sets out to regain his humanity by earning a young woman's love(1991)Beauty and the Beast
88%
After his son is captured in the Great Barrier Reef and taken to Sydney, a timid clownfish sets out on a journey to bring him home(2003)Finding Nemo
88%
78-year-old Carl Fredricksen travels to Paradise Falls in his house equipped with balloons, inadvertently taking a young stowaway(2009)Up
88%
On the way to the biggest race of his life, a hotshot rookie race car gets stranded in a rundown town and learns that winning isn't everything in life(2006)Cars
84%
A waitress, desperate to fulfill her dreams as a restaurant owner, is set on a journey to turn a frog prince back into a human being, but she has to face the same problem after she kisses him(2009)The Princess and the Frog
84%
A kind-hearted street urchin and a power-hungry Grand Vizier vie for a magic lamp that has the power to make their deepest wishes come true(1992)Aladdin
81%
A newly crowned Queen accidentally uses her power to turn things into ice to curse her home in infinite winter her sister teams up with a mountain man, his playful reindeer, and a snowman to change the weather condition(2013)Frozen
81%
A rat who can cook makes an unusual alliance with a young kitchen worker at a famous Paris restaurant(2007)Ratatouille
81%
In a city of anthropomorphic animals, a rookie bunny cop and a cynical con artist fox must work together to uncover a conspiracy(2016)Zootopia
81%
In Ancient Polynesia, a girl answers the oceans call and tries to right the wrong doings of a Demigod(2016)Moana
78%
A magically long-haired girl has spent her entire life in a tower, but now that a runaway thief has stumbled upon her, she is about to discover the world for the first time, and who she really is(2010)Tangled
78%
A young boy enters the Land of the Dead to find his great-great-grandfather, a legendary singer(2017)Coco
75%
The son of a god is stripped of his immortality as an infant and must become a true hero in order to reclaim it(1997)Hercules
75%
A popular high school athlete and an academically gifted girl get roles in the school musical and develop a friendship that threatens East High's social order(2006)High School Musical
75%
While trying to lead a quiet suburban life, a family of undercover superheroes are forced into action to save the world(2004)The Incredibles
75%
Identical twins separated at birth and each raised by one of their biological parents, discover each other for the first time at summer camp and make a plan to bring their wayward parents back together(1998)The Parent Trap
75%
An English soldier and the daughter of an Algonquin chief share a romance when English colonists invade seventeenth century Virginia(1995)Pocahontas
72%
A nineteen-year-old girl returns to the magical world from her childhood adventure, where she reunites with her old friends and learns of her true destiny: to end the Red Queen's reign of terror(2010)Alice in Wonderland
69%
After young girl is uprooted from her Midwest life and moved to San Francisco, her emotions conflict on how best to navigate a new city, house, and school(2015)Inside Out
59%
The teenage son of the king and queen of Auradon offers the trouble-making children of villains a chance to attend prep school in the kingdom(2015)Descendants
47%
A vengeful fairy is driven to curse an infant princess, only to discover that the child may be the one person who can restore peace to their troubled land(2014)Maleficent
38%

Score Distribution

Percentile by Number Answered

Percent of People with Each Score

Your Score History

You have not taken this quiz